[Event "Superbet ROM Classic 2024"]
[Site "Bucharest ROU"]
[Date "2024.07.05"]
[Round "9.5"]
[White "So, W.."]
[Black "Gukesh, D.."]
[Result "1/2-1/2"]
[WhiteElo "2757"]
[BlackElo "2763"]
[PlyCount "43"]
[EventDate "2024.06.26"]

1. d4 Nf6 2. c4 e6 3. Nc3 Bb4 4. e3 O-O 5. Bd3 d5 6. Nf3 dxc4 7. Bxc4 b6 8. a3 Bxc3+ 9. bxc3 Bb7 10. O-O Qe7 ({RR} 10... c5 11. Bd3 Nbd7 12. Bb2 Qc7 13. c4 Rfd8 14. Qe2 Be4 15. Rfd1 Bxd3 16. Qxd3 cxd4 17. exd4 Rac8 18. Rac1 Qb7 19. Qb3 Rc7 20. Nd2 Rdc8 21. Nf1 Nh5 22. Re1 Nf4 23. Qg3 Ng6 24. Qb3 Nf4 25. Qg3 {Zhang,P (2570)-Ni,H (2704) China 2015 1-0 (61)}) 11. a4 $146 ({RR} 11. Bb2 c5 12. Ba2 Nc6 13. Qd2 Ba6 14. Rfd1 Rfd8 15. Rac1 Rac8 16. Qe1 Rd7 17. c4 Rcd8 18. Qc3 Qf8 19. Qc2 Qe7 20. Qc3 Qf8 21. Qc2 Qe7 22. Bb1 h6 23. Rd2 Kf8 24. Rcd1 Bb7 25. d5 exd5 {Davtyan,D (1907)-Hallaeva,B (2073) Poti 2017 1-0 (55)}) 11... c5 12. a5 Qc7 13. axb6 axb6 14. Rxa8 Bxa8 15. Qe2 Nbd7 16. Bb2 Bc6 17. Ra1 Qb7 18. Ba6 Qc7 19. Bd3 Qb7 20. Ba6 Qc7 21. Bd3 Qb7 22. Ba6 1/2-1/2

[Event "chess.com SpeedChess 2023"]
[Site "chess.com INT"]
[Date "2023.09.12"]
[Round "1.21"]
[White "Vachier Lagrave, M.."]
[Black "Gukesh, D.."]
[Result "1-0"]
[WhiteElo "2727"]
[BlackElo "2758"]
[PlyCount "85"]
[EventDate "2023.09.04"]

1. d4 Nf6 2. c4 e6 3. Nc3 Bb4 4. e3 d5 5. Bd2 O-O 6. Nf3 b6 7. Rc1 Ba6 8. cxd5 ({RR} 8. Qb3 c5 9. dxc5 bxc5 10. a3 Bxc3 11. Bxc3 Nc6 12. Bxf6 Qxf6 13. cxd5 Bxf1 14. Kxf1 exd5 15. Rxc5 Rab8 16. Qc3 d4 17. exd4 Nd8 18. g3 Ne6 19. Rc4 Qg6 20. d5 Ng5 21. Nxg5 Qxg5 22. Rd4 Rfc8 {Le,Q (2728)-Nepomniachtchi,I (2792) Chess.com INT 2022 ½-½ (54)}) 8... Bxf1 9. Kxf1 exd5 10. Ne2 $146 ({RR} 10. Qb3 Be7 11. g3 c6 12. Kg2 Bd6 13. Rhe1 Re8 14. Qc2 Qe7 15. Ng1 Nbd7 16. Nge2 h5 17. f3 Nf8 18. Nd1 Rac8 19. Nf2 c5 20. Nc3 Qd7 21. dxc5 bxc5 22. Rcd1 Ng6 23. Bc1 d4 24. Nce4 Nxe4 {Salinas Herrera,P (2486)-Lazavik,D (2544) chess.com INT 2023 0-1 (58)}) ({RR} 10. g3 c6 11. Kg2 Re8 12. Ne5 c5 13. Qf3 Re6 14. Rhd1 cxd4 15. exd4 Bxc3 16. Rxc3 Nbd7 17. Nc6 Qe8 18. Bf4 Ne4 19. Rc2 Rf6 20. h4 h6 21. Rdc1 Qe6 22. Qe3 Re8 23. f3 Nd6 24. Qxe6 Rfxe6 {Nihal,S (2693)-Niemann,H (2736) Endgame.AI INT 2025 1-0 (37)}) 10... Bd6 11. g3 c5 12. dxc5 bxc5 13. Kg2 Nbd7 14. Bc3 Qe7 15. Qd3 Rfe8 16. Rhd1 Rac8 17. Bxf6 Nxf6 18. Nc3 c4 19. Qf5 g6 20. Qg5 Rc5 21. Nxd5 Rxd5 22. Rxd5 h6 23. Qxh6 Nxd5 24. Rd1 Nf6 25. Rd4 Qf8 26. Qxf8+ Bxf8 27. Rxc4 Rd8 28. Nd4 Rd5 29. b3 a5 30. h3 Bc5 31. Kf3 Kg7 32. h4 Nd7 33. Ke4 Re5+ 34. Kd3 Bb6 35. Rc6 a4 36. b4 Rd5 37. f4 Bxd4 38. exd4 Kf8 39. Kc4 Rf5 40. b5 Ke7 41. b6 Ra5 42. b7 a3 43. Rc7 1-0

[Event "FIDE World Cup 2023"]
[Site "Baku AZE"]
[Date "2023.08.12"]
[Round "5.1"]
[White "Wang Hao"]
[Black "Gukesh, D.."]
[Result "0-1"]
[WhiteElo "2709"]
[BlackElo "2744"]
[PlyCount "76"]
[EventDate "2023.07.30"]
[EventType "k.o."]

1. d4 Nf6 2. c4 e6 3. Nc3 Bb4 4. Qc2 d5 5. cxd5 exd5 6. Bg5 h6 7. Bh4 O-O 8. e3 c5 9. dxc5 Be6 10. Nf3 Nbd7 11. c6 ({RR} 11. Be2 Qa5 12. O-O Bxc3 13. bxc3 Qxc5 14. Nd4 Rac8 15. Rfc1 Ne4 16. c4 Nb6 17. f3 Ng5 18. cxd5 Qxc2 19. Nxc2 {½-½ (19) Mamedyarov,S (2767)-Anand,V (2751) Baku 2021}) ({RR} 11. Nd4 Rc8 12. c6 Nc5 13. cxb7 Nxb7 14. Bd3 Bxc3+ 15. bxc3 Nc5 16. O-O Bd7 17. Rfc1 g5 18. Bg3 Nce4 19. c4 Qe7 20. Rab1 h5 21. Nf3 dxc4 22. Bxe4 Qxe4 23. Qc3 Nd5 24. Qa5 f6 25. Qxa7 Bf5 {Xie,K (2419)-Lou Yiping (2464) Ji'an CHN 2025 ½-½}) 11... bxc6 12. Be2 Qa5 $146 ({RR} 12... Rc8 13. O-O Nc5 14. Rac1 Bxc3 15. Qxc3 Nce4 16. Qa3 c5 17. b4 cxb4 18. Qxb4 Qb6 19. Qa3 Rxc1 20. Rxc1 Rc8 21. Nd4 Rxc1+ 22. Qxc1 g5 23. Bg3 Nxg3 24. hxg3 Qa5 25. a3 Ne4 26. Bd3 Qd2 27. Qxd2 {Merario Alarcon,A (2412)-Gordon,S (2504) Caleta 2020 0-1 (47)}) 13. O-O Bxc3 14. bxc3 Ne4 15. Rfc1 c5 16. c4 Rab8 17. Ne1 Qa3 18. cxd5 Bxd5 19. Qd3 Qxd3 20. Bxd3 g5 21. Bxe4 Bxe4 22. Bg3 Rb7 23. f3 Bg6 24. Rd1 Rc8 25. e4 c4 26. Nc2 c3 27. Rd6 Nf8 28. Rc1 f5 29. Rd4 Ne6 30. Rb4 Rd7 31. Ne3 fxe4 32. fxe4 Rd3 33. Bf2 Nf4 34. Rc2 Rd2 35. h3 Nd3 36. Rxd2 cxd2 37. Rd4 Rc1+ 38. Kh2 Nxf2 0-1